|
|
|
|
| LEADER |
01151nam a2200289 a 4500 |
| 001 |
c000361412 |
| 003 |
CARM |
| 005 |
00000000000000.0 |
| 008 |
851113s1958 enkacf b 00000 eng d |
| 019 |
1 |
|
|a 4141732
|z 42732653
|z 25436540
|5 LACONCORD2021
|
| 035 |
|
|
|a (OCoLC)3919277
|5 LACONCORD2021
|
| 040 |
|
|
|d NBDPL
|
| 100 |
1 |
|
|a Edwardes, Michael.
|
| 245 |
1 |
4 |
|a The necessary hell :
|b John and Henry Lawrence and the Indian Empire /
|c Michael Edwardes.
|
| 260 |
|
|
|a London :
|b Cassell,
|c 1958.
|
| 300 |
|
|
|a xxi, 213 p., [8] p. of plates :
|b ill., ports. ;
|c 23 cm.
|
| 500 |
|
|
|a Includes index.
|
| 504 |
|
|
|a Bibliography: p. [207]-208.
|
| 600 |
1 |
0 |
|a Lawrence, John Laird Mair Lawrence,
|c Baron,
|d 1811-1879.
|
| 600 |
1 |
0 |
|a Lawrence, H. M. L.
|q (Henry Montgomery L.),
|d 1806-1857.
|
| 650 |
|
0 |
|a British
|z India.
|
| 651 |
|
0 |
|a India
|x History
|y British occupation, 1765-1947.
|
| 852 |
8 |
|
|b CARM
|h A1:AO20f0
|i B08347
|p 0405833
|f BK
|
| 082 |
0 |
4 |
|a 954.03
|
| 082 |
0 |
4 |
|a 954.035
|2 20
|
| 999 |
f |
f |
|i 5442c632-0d2a-5d84-b004-ca12d2e42d61
|s d84b08c0-19cd-5446-9175-09217743049c
|
| 952 |
f |
f |
|p Can circulate
|a CAVAL
|b CAVAL
|c CAVAL
|d CARM 1 Store
|e B08347
|f A1:AO20f0
|h Other scheme
|i book
|m 0405833
|